[Event "Hastings Premier 1973/74 49th"]
[Site "Hastings"]
[Date "1974.01.04"]
[Round "8"]
[White "Pytel, Krzysztof"]
[Black "Stean, Michael Frank"]
[Result "1/2-1/2"]
[WhiteElo "2390"]
[BlackElo "2320"]
[PlyCount "38"]
[EventDate "1973.12.27"]
[EventType "tourn"]
[EventRounds "15"]
[EventCountry "ENG"]
[EventCategory "9"]
[SourceTitle "Britbase"]

1. Nf3 g6 2. g3 Bg7 3. Bg2 c5 4. O-O Nc6 5. d3 d6 6. e4 Nf6 7. Re1 O-O 8. c3
Rb8 9. d4 Bg4 10. dxc5 dxc5 11. Qc2 b5 12. Be3 Rc8 13. Nbd2 Nd4 14. Qb1 Nxf3+
15. Nxf3 Nd7 16. a4 a6 17. axb5 axb5 18. Rd1 Qc7 19. h3 Be6 1/2-1/2

[Event "Hastings Premier 1973/74 49th"]
[Site "Hastings"]
[Date "1974.01.04"]
[Round "8"]
[White "Szabo, Laszlo"]
[Black "Timman, Jan H"]
[Result "1/2-1/2"]
[WhiteElo "2565"]
[BlackElo "2470"]
[PlyCount "21"]
[EventDate "1973.12.27"]
[EventType "tourn"]
[EventRounds "15"]
[EventCountry "ENG"]
[EventCategory "9"]
[SourceTitle "Britbase"]

1. d4 Nf6 2. c4 e6 3. Nf3 c5 4. Nc3 cxd4 5. Nxd4 Bb4 6. Ndb5 d5 7. Bf4 O-O 8.
a3 Bxc3+ 9. bxc3 Nc6 10. cxd5 exd5 11. e3 1/2-1/2

[Event "Hastings Premier 1973/74 49th"]
[Site "Hastings"]
[Date "1974.01.04"]
[Round "8"]
[White "Tal, Mikhail"]
[Black "Rellstab, Ludwig Jr"]
[Result "1-0"]
[WhiteElo "2660"]
[BlackElo "2200"]
[PlyCount "69"]
[EventDate "1973.12.27"]
[EventType "tourn"]
[EventRounds "15"]
[EventCountry "ENG"]
[EventCategory "9"]
[SourceTitle "Britbase"]

1. e4 e5 2. Nf3 Nc6 3. Bb5 a6 4. Ba4 d6 5. c3 Bd7 6. d4 Nf6 7. O-O Be7 8. Re1
O-O 9. Nbd2 Re8 10. Nf1 h6 11. Ng3 Bf8 12. h3 g6 13. Bc2 Bg7 14. Be3 Kh7 15.
Qd2 Qe7 16. b4 b6 17. a3 Rad8 18. d5 Nb8 19. a4 Nh5 20. Nxh5 gxh5 21. c4 Rg8
22. Kh2 Bf8 23. Nd4 Qf6 24. Nf5 Bxf5 25. exf5 Nd7 26. a5 bxa5 27. Rxa5 Qh4 28.
g3 Qf6 29. Rxa6 Bg7 30. Ra7 Nb6 31. Rxc7 Rb8 32. Qd3 Kh8 33. c5 Nc8 34. Qe4 Bf8
35. c6 1-0

[Event "Hastings Premier 1973/74 49th"]
[Site "Hastings"]
[Date "1974.01.05"]
[Round "9"]
[White "Basman, Michael John"]
[Black "Kuzmin, Gennadi P"]
[Result "0-1"]
[WhiteElo "2385"]
[BlackElo "2575"]
[PlyCount "112"]
[EventDate "1973.12.27"]
[EventType "tourn"]
[EventRounds "15"]
[EventCountry "ENG"]
[EventCategory "9"]
[SourceTitle "Britbase"]

1. e4 c5 2. Nf3 d6 3. Be2 Nf6 4. c3 e6 5. O-O Be7 6. Re1 O-O 7. Bf1 b6 8. d4
Bb7 9. Nbd2 cxd4 10. cxd4 Nc6 11. a3 Rc8 12. b4 a5 13. b5 Nb8 14. Bb2 Nbd7 15.
e5 Nd5 16. Ne4 dxe5 17. dxe5 Nc5 18. Nxc5 Bxc5 19. Qa4 Ne7 20. Rad1 Qc7 21. Ng5
Rfd8 22. Bd3 h6 23. Ne4 Bxe4 24. Qxe4 Ng6 25. h4 Rd5 26. h5 Nf8 27. Qf3 Rcd8
28. Be4 Rd2 29. Rxd2 Rxd2 30. Re2 Rd1+ 31. Kh2 Qd8 32. g3 Bd4 33. Kg2 Bxb2 34.
Rxb2 Qd4 35. Re2 Rd2 36. Rxd2 Qxd2 37. Bc6 Nh7 38. Qe3 Qxe3 39. fxe3 Ng5 40. g4
f6 41. exf6 gxf6 42. Kg3 Kf7 43. Kf2 Ke7 44. Ke1 Nf7 45. Bf3 Kd6 46. Kd2 Kc5
47. Be2 a4 48. Kc3 Nd6 49. Bd3 e5 50. Be2 Nxb5+ 51. Bxb5 Kxb5 52. Kd3 Kc6 53.
Ke4 b5 54. Kf5 b4 55. Kxf6 bxa3 56. g5 hxg5 0-1

[Event "Hastings Premier 1973/74 49th"]
[Site "Hastings"]
[Date "1974.01.05"]
[Round "9"]
[White "Gligoric, Svetozar"]
[Black "Szabo, Laszlo"]
[Result "1/2-1/2"]
[WhiteElo "2595"]
[BlackElo "2565"]
[PlyCount "50"]
[EventDate "1973.12.27"]
[EventType "tourn"]
[EventRounds "15"]
[EventCountry "ENG"]
[EventCategory "9"]
[SourceTitle "Britbase"]

1. d4 Nf6 2. c4 g6 3. Nc3 Bg7 4. e4 d6 5. Nf3 O-O 6. Be2 Bg4 7. Be3 Nfd7 8. O-O
Nc6 9. d5 Bxf3 10. Bxf3 Na5 11. Be2 Nb6 12. Bd4 Bxd4 13. Qxd4 c5 14. dxc6 Nxc6
15. Qe3 e5 16. Nb5 a6 17. Nxd6 Qxd6 18. Qxb6 Qd2 19. Rae1 Nd4 20. Bd1 Rac8 21.
b3 Qxa2 22. f4 Qd2 23. fxe5 Rce8 24. Qd6 Qc3 25. Qb6 Re7 1/2-1/2

[Event "Hastings Premier 1973/74 49th"]
[Site "Hastings"]
[Date "1974.01.05"]
[Round "9"]
[White "Hartston, William Roland"]
[Black "Adorjan, Andras"]
[Result "1/2-1/2"]
[WhiteElo "2470"]
[BlackElo "2515"]
[PlyCount "47"]
[EventDate "1973.12.27"]
[EventType "tourn"]
[EventRounds "15"]
[EventCountry "ENG"]
[EventCategory "9"]
[SourceTitle "Britbase"]

1. e4 c5 2. Nf3 Nc6 3. Nc3 g6 4. d4 cxd4 5. Nxd4 Bg7 6. Be3 Nf6 7. Bc4 O-O 8.
Bb3 d6 9. f3 Bd7 10. Qd2 Nxd4 11. Bxd4 b5 12. a4 b4 13. Nd5 Nxd5 14. exd5 Bxd4
15. Qxd4 Qb6 16. Qxb6 axb6 17. Kd2 Ra5 18. Rhe1 Re8 19. Re4 b5 20. Rxb4 bxa4
21. c4 Rea8 22. Rb7 Be8 23. Bc2 e6 24. dxe6 1/2-1/2

[Event "Hastings Premier 1973/74 49th"]
[Site "Hastings"]
[Date "1974.01.05"]
[Round "9"]
[White "Rellstab, Ludwig Jr"]
[Black "Benko, Pal"]
[Result "1/2-1/2"]
[WhiteElo "2200"]
[BlackElo "2530"]
[PlyCount "85"]
[EventDate "1973.12.27"]
[EventType "tourn"]
[EventRounds "15"]
[EventCountry "ENG"]
[EventCategory "9"]
[SourceTitle "Britbase"]

1. Nf3 Nf6 2. g3 d5 3. d4 c6 4. Bg2 Bf5 5. O-O e6 6. b3 Nbd7 7. c4 Be7 8. Bb2
O-O 9. Nbd2 Ne4 10. Nxe4 Bxe4 11. Ne1 Bxg2 12. Nxg2 a5 13. a4 Qb6 14. Qc2 Rfc8
15. Rab1 Nf6 16. Qd3 Rd8 17. cxd5 exd5 18. e3 Re8 19. Nf4 Bd6 20. Ne2 Re6 21.
Bc1 Rae8 22. Kg2 Qd8 23. Bd2 Ne4 24. Nc3 Nf6 25. Rbe1 h5 26. f3 Bb4 27. Nd1 Qb6
28. Re2 g6 29. Bxb4 Qxb4 30. Rc2 R8e7 31. Qc3 Qb6 32. Rff2 Ne8 33. Rfd2 Nd6 34.
Rd3 Nf5 35. Kf2 Qc7 36. Kg1 Qd8 37. Re2 Re8 38. Nf2 Nd6 39. Rd1 Kh7 40. Kg2 Kg8
41. Rd3 Qf6 42. Rd1 Qe7 43. Rde1 1/2-1/2

[Event "Hastings Premier 1973/74 49th"]
[Site "Hastings"]
[Date "1974.01.05"]
[Round "9"]
[White "Stean, Michael Frank"]
[Black "Keene, Raymond Dennis"]
[Result "0-1"]
[WhiteElo "2320"]
[BlackElo "2445"]
[PlyCount "60"]
[EventDate "1973.12.27"]
[EventType "tourn"]
[EventRounds "15"]
[EventCountry "ENG"]
[EventCategory "9"]
[SourceTitle "Britbase"]

1. e4 g6 2. d4 d6 3. Nf3 Nf6 4. Nc3 Bg7 5. Be2 O-O 6. O-O Nc6 7. d5 Nb8 8. h3
c6 9. a4 a5 10. Bg5 Na6 11. dxc6 bxc6 12. e5 dxe5 13. Nxe5 Nb4 14. Bf3 Qc7 15.
Bf4 Qb6 16. Qc1 Bf5 17. Nc4 Qc5 18. Ne3 Be6 19. Re1 Rfd8 20. Ne4 Nxe4 21. Bxe4
f5 22. Bd3 Rxd3 23. cxd3 Qxc1 24. Raxc1 Nxd3 25. Bc7 Nxe1 26. Rxe1 Bb3 27. Rc1
Bxa4 28. Nc4 Bb5 29. b3 a4 30. Nb6 axb3 0-1

[Event "Hastings Premier 1973/74 49th"]
[Site "Hastings"]
[Date "1974.01.05"]
[Round "9"]
[White "Suttles, Duncan"]
[Black "Tal, Mikhail"]
[Result "0-1"]
[WhiteElo "2485"]
[BlackElo "2660"]
[PlyCount "124"]
[EventDate "1973.12.27"]
[EventType "tourn"]
[EventRounds "15"]
[EventCountry "ENG"]
[EventCategory "9"]
[SourceTitle "Britbase"]

1. e4 c5 2. Nc3 e6 3. g3 d5 4. exd5 exd5 5. Bg2 Nf6 6. d4 cxd4 7. Qxd4 Nc6 8.
Qd1 d4 9. Nce2 Bc5 10. Nf3 Bf5 11. O-O O-O 12. Nf4 Re8 13. Nd3 Bb6 14. Bg5 h6
15. Bxf6 Qxf6 16. Nd2 Qg6 17. Nc4 Bc7 18. a4 Bg4 19. Bf3 Bh3 20. Re1 Qf5 21.
Bh1 Re6 22. Qf3 Rae8 23. Qxf5 Bxf5 24. Bxc6 bxc6 25. Rxe6 Bxe6 26. Re1 Kf8 27.
Nc5 Bf5 28. Rxe8+ Kxe8 29. Nd3 Kd7 30. Kf1 Ke6 31. Ke2 Kd5 32. b3 c5 33. f3 Bc8
34. Nd2 f5 35. f4 Ba6 36. Nf3 Bd6 37. Nh4 Bc8 38. Nf3 c4 39. Nb2 cxb3 40. cxb3
Ba6+ 41. Nd3 Ke4 42. Nd2+ Kd5 43. Nf3 Be7 44. h4 g6 45. Nfe5 g5 46. hxg5 hxg5
47. fxg5 Bxg5 48. b4 Bxd3+ 49. Nxd3 Be7 50. b5 Bd6 51. a5 Bxg3 52. Nb4+ Kc5 53.
Nc6 a6 54. Kd3 Bf2 55. Na7 axb5 56. a6 b4 57. Nb5 Kb6 58. a7 Kb7 59. Nd6+ Kxa7
60. Nxf5 b3 61. Nd6 Kb6 62. Nc4+ Kb5 0-1

[Event "Hastings Premier 1973/74 49th"]
[Site "Hastings"]
[Date "1974.01.05"]
[Round "9"]
[White "Timman, Jan H"]
[Black "Pytel, Krzysztof"]
[Result "1/2-1/2"]
[WhiteElo "2470"]
[BlackElo "2390"]
[PlyCount "59"]
[EventDate "1973.12.27"]
[EventType "tourn"]
[EventRounds "15"]
[EventCountry "ENG"]
[EventCategory "9"]
[SourceTitle "Britbase"]

1. e4 c5 2. Nf3 d6 3. d4 cxd4 4. Nxd4 Nf6 5. Nc3 a6 6. Bg5 Nc6 7. Bxf6 gxf6 8.
Be2 Qb6 9. Nf5 e6 10. Nxd6+ Bxd6 11. Qxd6 Qxb2 12. Kd2 Qb6 13. f4 Rg8 14. g3
Qd8 15. Qxd8+ Kxd8 16. Bh5 Ke7 17. Na4 b5 18. Nc5 Ra7 19. a4 Rc7 20. Nd3 Nd4
21. Bd1 Bb7 22. Re1 Rgc8 23. axb5 Nxb5 24. Re3 Nd6 25. Ke1 Nxe4 26. Nb4 Rc3 27.
Rd3 Rxd3 28. cxd3 Nc3 29. Bb3 Nb5 30. Bc4 1/2-1/2

[Event "Hastings Premier 1973/74 49th"]
[Site "Hastings"]
[Date "1974.01.06"]
[Round "10"]
[White "Adorjan, Andras"]
[Black "Basman, Michael John"]
[Result "0-1"]
[WhiteElo "2515"]
[BlackElo "2385"]
[PlyCount "70"]
[EventDate "1973.12.27"]
[EventType "tourn"]
[EventRounds "15"]
[EventCountry "ENG"]
[EventCategory "9"]
[SourceTitle "Britbase"]

1. e4 c5 2. Nf3 e6 3. Nc3 a6 4. d4 cxd4 5. Nxd4 Qc7 6. g3 Bb4 7. Nde2 Nc6 8.
Bg2 Nge7 9. O-O O-O 10. Nf4 f6 11. Nd3 Ba5 12. Ne2 b5 13. b3 Rf7 14. Bb2 Rb8
15. Rc1 Bb6 16. c4 bxc4 17. bxc4 Ne5 18. c5 Ba7 19. Nef4 a5 20. Qc2 Ba6 21.
Rfd1 N7c6 22. Ba1 Nb4 23. Nxb4 Rxb4 24. c6 Rc4 25. cxd7 Rxd7 26. Rxd7 Qxd7 27.
Bc3 Bd4 28. Ne2 Bxf2+ 29. Kxf2 Qa7+ 30. Ke1 Ng4 31. Nd4 Rxd4 32. Bxd4 Qxd4 33.
Qc5 Qd3 34. Rc2 Ne3 35. Rd2 Nxg2+ 0-1

[Event "Hastings Premier 1973/74 49th"]
[Site "Hastings"]
[Date "1974.01.06"]
[Round "10"]
[White "Keene, Raymond Dennis"]
[Black "Timman, Jan H"]
[Result "1-0"]
[WhiteElo "2445"]
[BlackElo "2470"]
[PlyCount "51"]
[EventDate "1973.12.27"]
[EventType "tourn"]
[EventRounds "15"]
[EventCountry "ENG"]
[EventCategory "9"]
[SourceTitle "Britbase"]

1. Nf3 g6 2. c4 Bg7 3. d4 c5 4. e4 Nc6 5. dxc5 Qa5+ 6. Nfd2 Qxc5 7. Nb3 Qb6 8.
Be2 d6 9. O-O Qc7 10. Kh1 Be6 11. f4 a5 12. Na3 a4 13. Nb5 Qb6 14. c5 Qd8 15.
cxd6 axb3 16. Nc7+ Kf8 17. Nxa8 Qxa8 18. f5 gxf5 19. exf5 Bd7 20. dxe7+ Ke8 21.
Bc4 Ne5 22. Bxb3 Qa6 23. Bf4 Nh6 24. Qd5 Nhg4 25. Bxe5 Nxe5 26. Rfe1 1-0

[Event "Hastings Premier 1973/74 49th"]
[Site "Hastings"]
[Date "1974.01.06"]
[Round "10"]
[White "Kuzmin, Gennadi P"]
[Black "Stean, Michael Frank"]
[Result "1-0"]
[WhiteElo "2575"]
[BlackElo "2320"]
[PlyCount "85"]
[EventDate "1973.12.27"]
[EventType "tourn"]
[EventRounds "15"]
[EventCountry "ENG"]
[EventCategory "9"]
[SourceTitle "Britbase"]

1. e4 c5 2. Nf3 d6 3. d4 cxd4 4. Nxd4 Nf6 5. Nc3 a6 6. Bg5 e6 7. f4 Nbd7 8. Qe2
Qc7 9. g4 b5 10. Bg2 Bb7 11. a3 Be7 12. O-O-O Nb6 13. Bh4 h6 14. Bg3 O-O-O 15.
Bf3 g5 16. fxg5 hxg5 17. e5 Nfd5 18. Nxd5 Nxd5 19. Rhf1 Rhf8 20. Kb1 dxe5 21.
Bxe5 Bd6 22. Bxd6 Rxd6 23. Qe5 Qd8 24. Nb3 f6 25. Qd4 Qb6 26. Bxd5 exd5 27. Nc5
Re8 28. Rde1 Rxe1+ 29. Rxe1 Qd8 30. Re3 Kb8 31. Rh3 Qe7 32. Rh8+ Bc8 33. Qb4
Qc7 34. a4 Rb6 35. axb5 axb5 36. Re8 d4 37. h3 Qc6 38. Re1 Qd5 39. b3 Kc7 40.
Re7+ Kc6 41. Ne4 f5 42. Nxg5 fxg4 43. Nf7 1-0

[Event "Hastings Premier 1973/74 49th"]
[Site "Hastings"]
[Date "1974.01.06"]
[Round "10"]
[White "Pytel, Krzysztof"]
[Black "Gligoric, Svetozar"]
[Result "1/2-1/2"]
[WhiteElo "2390"]
[BlackElo "2595"]
[PlyCount "98"]
[EventDate "1973.12.27"]
[EventType "tourn"]
[EventRounds "15"]
[EventCountry "ENG"]
[EventCategory "9"]
[SourceTitle "Britbase"]

1. d4 Nf6 2. c4 g6 3. Nc3 Bg7 4. e4 d6 5. Be2 O-O 6. Nf3 e5 7. O-O Nc6 8. Be3
Re8 9. d5 Nd4 10. Nxd4 exd4 11. Bxd4 Nxe4 12. Nxe4 Rxe4 13. Bxg7 Kxg7 14. Bd3
Re8 15. Re1 Bd7 16. Rxe8 Bxe8 17. Qb3 b6 18. Qc3+ Qf6 19. Qxf6+ Kxf6 20. f4 Bd7
21. Kf2 Re8 22. Re1 Rxe1 23. Kxe1 Bf5 24. Bf1 Bb1 25. Kd2 Kf5 26. Ke3 Bxa2 27.
Bd3+ Kg4 28. Be2+ Kh4 29. Kd4 Bb1 30. Bf1 Kg4 31. Ke3 Kf5 32. Be2 Kf6 33. h4 h5
34. g3 Bf5 35. Kd4 Bd7 36. Bd3 c5+ 37. dxc6 Bxc6 38. Bc2 Bf3 39. Bd3 Ke6 40.
Bc2 a5 41. Bd3 f5 42. Bc2 Bc6 43. Bd1 d5 44. cxd5+ Bxd5 45. Ba4 Ba2 46. Be8 Kf6
47. Kc3 Be6 48. Kd4 Bg8 49. Kc3 Bh7 1/2-1/2

[Event "Hastings Premier 1973/74 49th"]
[Site "Hastings"]
[Date "1974.01.06"]
[Round "10"]
[White "Rellstab, Ludwig Jr"]
[Black "Suttles, Duncan"]
[Result "1/2-1/2"]
[WhiteElo "2200"]
[BlackElo "2485"]
[PlyCount "110"]
[EventDate "1973.12.27"]
[EventType "tourn"]
[EventRounds "15"]
[EventCountry "ENG"]
[EventCategory "9"]
[SourceTitle "Britbase"]

1. d4 g6 2. e4 d6 3. Nf3 Bg7 4. Bc4 Nf6 5. Qe2 O-O 6. O-O Bg4 7. h3 Bxf3 8.
Qxf3 Nc6 9. Rd1 e5 10. c3 Qe7 11. d5 Nb8 12. Bf1 Nbd7 13. c4 Kh8 14. Nc3 Ng8
15. Bd3 a5 16. Be3 Bh6 17. Kh2 Bxe3 18. Qxe3 f5 19. exf5 gxf5 20. f4 Rf7 21.
Rf1 Raf8 22. Rae1 h5 23. Bc2 e4 24. Ne2 h4 25. Nd4 Nc5 26. Rg1 Nh6 27. Nf3 Qf6
28. Ng5 Qxb2 29. Re2 Qf6 30. Nxf7+ Rxf7 31. g3 Rg7 32. Reg2 hxg3+ 33. Rxg3 Rxg3
34. Rxg3 Kh7 35. Qc3 Qxc3 36. Rxc3 Kg6 37. Ra3 b6 38. Rg3+ Kf6 39. Kg2 Nd7 40.
Kf2 Kf7 41. Rg5 Nf6 42. Bd1 Ke7 43. Rg7+ Nf7 44. h4 b5 45. cxb5 Kf8 46. Rg6
Nxd5 47. Bb3 Ne7 48. Rf6 d5 49. b6 cxb6 50. Rxb6 Kg7 51. Ra6 Nh6 52. Ra7 Kf6
53. Ra6+ Kg7 54. Ra7 Kf6 55. Ra6+ Kg7 1/2-1/2

[Event "Hastings Premier 1973/74 49th"]
[Site "Hastings"]
[Date "1974.01.06"]
[Round "10"]
[White "Tal, Mikhail"]
[Black "Hartston, William Roland"]
[Result "1-0"]
[WhiteElo "2660"]
[BlackElo "2470"]
[PlyCount "53"]
[EventDate "1973.12.27"]
[EventType "tourn"]
[EventRounds "15"]
[EventCountry "ENG"]
[EventCategory "9"]
[SourceTitle "Britbase"]

1. e4 c5 2. Nf3 e6 3. d4 cxd4 4. Nxd4 Nc6 5. Nc3 d6 6. Be3 Nf6 7. Be2 Be7 8.
O-O O-O 9. f4 Qc7 10. Kh1 Bd7 11. Qe1 a6 12. Qg3 b5 13. e5 dxe5 14. fxe5 Nxd4
15. Bxd4 Ne8 16. Bd3 Bc6 17. Qh3 g6 18. Rae1 Rd8 19. Qe3 Rd7 20. Bb6 Qc8 21.
Ne4 Bxe4 22. Bxe4 h5 23. Qh6 Ng7 24. Rxf7 Rxf7 25. Bxg6 Nf5 26. Bxf7+ Kxf7 27.
Qh7+ 1-0

[Event "Hastings Premier 1973/74 49th"]
[Site "Hastings"]
[Date "1974.01.08"]
[Round "11"]
[White "Basman, Michael John"]
[Black "Tal, Mikhail"]
[Result "1/2-1/2"]
[WhiteElo "2385"]
[BlackElo "2660"]
[PlyCount "82"]
[EventDate "1973.12.27"]
[EventType "tourn"]
[EventRounds "15"]
[EventCountry "ENG"]
[EventCategory "9"]
[SourceTitle "Britbase"]

1. f4 d6 2. Nf3 g6 3. g3 Bg7 4. Bg2 Nf6 5. c4 O-O 6. Nc3 c6 7. O-O d5 8. cxd5
cxd5 9. e3 Nc6 10. Ne2 Qd6 11. Qa4 Bd7 12. Qa3 Nb4 13. Ned4 a5 14. d3 Ng4 15.
Bd2 e5 16. fxe5 Nxe5 17. Nxe5 Bxe5 18. Qb3 Nc6 19. Nb5 a4 20. Qxd5 Qe7 21. Nc3
Nb4 22. Qxb7 Rab8 23. Qa7 Nxd3 24. Nd5 Qe6 25. Bc3 Bb5 26. Nc7 Bxc7 27. Qxc7 a3
28. Rxf7 Rxf7 29. Qxb8+ Be8 30. Bd4 axb2 31. Rd1 Nf2 32. Rf1 Nd3 33. Rxf7 Qxf7
34. Bd5 b1=Q+ 35. Qxb1 Qxd5 36. Qxd3 Qxa2 37. Qe4 Bb5 38. g4 Qc4 39. Qa8+ Kf7
40. Qf3+ Ke8 41. Qa8+ Kd7 1/2-1/2

[Event "Hastings Premier 1973/74 49th"]
[Site "Hastings"]
[Date "1974.01.08"]
[Round "11"]
[White "Hartston, William Roland"]
[Black "Rellstab, Ludwig Jr"]
[Result "1-0"]
[WhiteElo "2470"]
[BlackElo "2200"]
[PlyCount "113"]
[EventDate "1973.12.27"]
[EventType "tourn"]
[EventRounds "15"]
[EventCountry "ENG"]
[EventCategory "9"]
[SourceTitle "Britbase"]

1. e4 e5 2. Nf3 Nc6 3. Bb5 a6 4. Ba4 Nf6 5. O-O Be7 6. Re1 b5 7. Bb3 d6 8. c3
O-O 9. h3 Bb7 10. d4 Nd7 11. Nbd2 Bf6 12. Nf1 Na5 13. Bc2 Re8 14. Ng3 g6 15. b3
Nc6 16. d5 Ne7 17. c4 bxc4 18. bxc4 a5 19. Ba4 Rf8 20. Be3 Bc8 21. Rb1 Bg7 22.
Nh2 f5 23. exf5 Nxf5 24. Nxf5 gxf5 25. f4 e4 26. Bc6 Rb8 27. Qd2 Nb6 28. Bb5
Bd7 29. Rec1 Bxb5 30. Rxb5 Qd7 31. Rxa5 Ra8 32. Rxa8 Rxa8 33. Nf1 Ra3 34. Kh1
Qa4 35. Bxb6 cxb6 36. Ne3 Rxa2 37. Rc2 Ra1+ 38. Kh2 Qd7 39. Ra2 Rxa2 40. Qxa2
Kf7 41. Qe2 Kg6 42. g4 fxg4 43. hxg4 Qa4 44. Nf5 h5 45. Qxe4 Qa2+ 46. Kg3 Qb3+
47. Ne3+ Kf7 48. Qe6+ Kf8 49. Qxd6+ Kg8 50. Qe6+ Kf8 51. d6 Qb1 52. Qe7+ Kg8
53. Qe8+ Bf8 54. Qe6+ Kh8 55. Qe5+ Kg8 56. gxh5 Qe1+ 57. Kf3 1-0

[Event "Hastings Premier 1973/74 49th"]
[Site "Hastings"]
[Date "1974.01.08"]
[Round "11"]
[White "Stean, Michael Frank"]
[Black "Adorjan, Andras"]
[Result "1/2-1/2"]
[WhiteElo "2320"]
[BlackElo "2515"]
[PlyCount "34"]
[EventDate "1973.12.27"]
[EventType "tourn"]
[EventRounds "15"]
[EventCountry "ENG"]
[EventCategory "9"]
[SourceTitle "Britbase"]

1. e4 c5 2. Nf3 Nc6 3. d4 cxd4 4. Nxd4 g6 5. c4 Nf6 6. Nc3 d6 7. Be2 Nxd4 8.
Qxd4 Bg7 9. O-O O-O 10. Qe3 Be6 11. Rb1 Qb6 12. b3 Rfc8 13. Qxb6 axb6 14. a4
Nd7 15. Nd5 Bxd5 16. exd5 Nc5 17. Be3 Rc7 1/2-1/2

[Event "Hastings Premier 1973/74 49th"]
[Site "Hastings"]
[Date "1974.01.09"]
[Round "12"]
[White "Adorjan, Andras"]
[Black "Timman, Jan H"]
[Result "1-0"]
[WhiteElo "2515"]
[BlackElo "2470"]
[PlyCount "59"]
[EventDate "1973.12.27"]
[EventType "tourn"]
[EventRounds "15"]
[EventCountry "ENG"]
[EventCategory "9"]
[SourceTitle "Britbase"]

1. e4 e5 2. Nf3 Nc6 3. Bb5 a6 4. Bxc6 dxc6 5. O-O Qd6 6. d3 f6 7. Be3 Be6 8.
Nbd2 Qd7 9. d4 exd4 10. Nxd4 Bf7 11. Qe2 c5 12. N4b3 b6 13. Rad1 Ne7 14. Nb1
Qc6 15. Nc3 Ng6 16. f4 Bd6 17. e5 fxe5 18. f5 Nf8 19. Bg5 h6 20. Bh4 Nd7 21.
Ne4 Be7 22. Qf3 Kf8 23. Bxe7+ Kxe7 24. Nexc5 Qxf3 25. Rxd7+ Ke8 26. Rxf3 bxc5
27. Nxc5 Rd8 28. Rxc7 h5 29. Rd3 Rxd3 30. Nxd3 1-0

[Event "Hastings Premier 1973/74 49th"]
[Site "Hastings"]
[Date "1974.01.09"]
[Round "12"]
[White "Benko, Pal"]
[Black "Szabo, Laszlo"]
[Result "0-1"]
[WhiteElo "2530"]
[BlackElo "2565"]
[PlyCount "81"]
[EventDate "1973.12.27"]
[EventType "tourn"]
[EventRounds "15"]
[EventCountry "ENG"]
[EventCategory "9"]
[SourceTitle "Britbase"]

1. Nf3 Nf6 2. c4 g6 3. Nc3 d5 4. cxd5 Nxd5 5. Qa4+ Bd7 6. Qc2 Nb6 7. d4 Bg7 8.
e4 O-O 9. Be3 Nc6 10. d5 Ne5 11. Nxe5 Bxe5 12. Rd1 Qc8 13. f4 Bg7 14. Be2 c6
15. d6 exd6 16. Rxd6 Bg4 17. O-O Bxe2 18. Qxe2 Qc7 19. Rfd1 Bxc3 20. bxc3 Nd5
21. R6xd5 cxd5 22. Rxd5 Qxc3 23. Rc5 Qb4 24. Rc4 Qb1+ 25. Kf2 Rfc8 26. a4 Qb3
27. Rd4 Rc2 28. Bd2 Qb6 29. Qd3 Rd8 30. Qxc2 Qxd4+ 31. Be3 Qd3 32. Qc7 Qd7 33.
Qxd7 Rxd7 34. a5 a6 35. Ke2 Kf8 36. g4 f5 37. exf5 gxf5 38. gxf5 Kf7 39. Kf3
Rd5 40. Bb6 Rxf5 41. h4 0-1

[Event "Hastings Premier 1973/74 49th"]
[Site "Hastings"]
[Date "1974.01.09"]
[Round "12"]
[White "Keene, Raymond Dennis"]
[Black "Miles, Anthony John"]
[Result "1-0"]
[WhiteElo "2445"]
[BlackElo "2375"]
[PlyCount "97"]
[EventDate "1973.12.27"]
[EventType "tourn"]
[EventRounds "15"]
[EventCountry "ENG"]
[EventCategory "9"]
[SourceTitle "Britbase"]

1. Nf3 Nf6 2. c4 g6 3. Nc3 Bg7 4. e4 e5 5. Nxe5 Nxe4 6. Nxe4 Bxe5 7. d4 Bg7 8.
Bg5 f6 9. Be3 O-O 10. Nc3 d6 11. g3 Bd7 12. Bg2 Qc8 13. Nd5 Nc6 14. O-O Rf7 15.
Rc1 Ne7 16. Nxe7+ Rxe7 17. Qb3 c6 18. Bf4 Bh3 19. Bxd6 Bxg2 20. Kxg2 Re8 21. d5
Qd7 22. Bf4 Re4 23. Rfe1 Rae8 24. Rxe4 Rxe4 25. Rd1 cxd5 26. cxd5 Kh8 27. Rc1
h5 28. Rc7 Qf5 29. d6 Rd4 30. d7 Kh7 31. Rc8 Rxf4 32. gxf4 Qxd7 33. Rc1 b6 34.
h3 f5 35. Rd1 Qc7 36. Qa4 a5 37. Rd7 Qc5 38. Qd1 Kh6 39. b3 Qb4 40. Qd2 Qe4+
41. Kh2 Qc6 42. Rd6 Qc5 43. Kg2 Bh8 44. Qd5 Qb4 45. Qe6 Bf6 46. Rc6 Qxf4 47.
Qxf6 Qe4+ 48. Kh2 Qf4+ 49. Kg1 1-0

[Event "Hastings Premier 1973/74 49th"]
[Site "Hastings"]
[Date "1974.01.09"]
[Round "12"]
[White "Pytel, Krzysztof"]
[Black "Garcia Martinez, Silvino"]
[Result "1/2-1/2"]
[WhiteElo "2390"]
[BlackElo "2450"]
[PlyCount "29"]
[EventDate "1973.12.27"]
[EventType "tourn"]
[EventRounds "15"]
[EventCountry "ENG"]
[EventCategory "9"]
[SourceTitle "Britbase"]

1. d4 Nf6 2. c4 e6 3. Nf3 b6 4. a3 d5 5. Nc3 Be7 6. Bg5 O-O 7. e3 Bb7 8. Rc1
Nbd7 9. cxd5 exd5 10. Bd3 Ne4 11. Bxe7 Qxe7 12. O-O c5 13. Bb1 Rfd8 14. Ne2
Rac8 15. Nf4 1/2-1/2

[Event "Hastings Premier 1973/74 49th"]
[Site "Hastings"]
[Date "1974.01.09"]
[Round "12"]
[White "Rellstab, Ludwig Jr"]
[Black "Basman, Michael John"]
[Result "0-1"]
[WhiteElo "2200"]
[BlackElo "2385"]
[PlyCount "94"]
[EventDate "1973.12.27"]
[EventType "tourn"]
[EventRounds "15"]
[EventCountry "ENG"]
[EventCategory "9"]
[SourceTitle "Britbase"]

1. Nf3 f5 2. d4 g6 3. g3 Bg7 4. Bg2 c6 5. c4 d6 6. O-O Nh6 7. Nc3 O-O 8. Rb1 a5
9. b3 Nf7 10. e4 fxe4 11. Nxe4 d5 12. cxd5 cxd5 13. Nc3 Nc6 14. Bf4 Bg4 15. h3
Bxf3 16. Bxf3 e6 17. Nb5 Qf6 18. Re1 g5 19. Be3 Nh6 20. Bg2 Nf5 21. Qd2 h6 22.
Rbd1 a4 23. b4 a3 24. Qc3 Ra4 25. Qd3 Rxb4 26. Rb1 Rb2 27. Re2 Nfxd4 28. Rexb2
axb2 29. Kh1 Nxb5 30. Qxb5 d4 31. Qxb2 dxe3 32. Qxf6 Bxf6 33. fxe3 Rf7 34. a4
Be5 35. Kh2 Nd8 36. Rb4 Kg7 37. h4 Kf6 38. hxg5+ hxg5 39. Kh3 Rc7 40. Kg4 Rc3
41. Kf3 Bd6 42. Rd4 Nf7 43. g4 Bc5 44. Rd1 Rxe3+ 45. Kf2 Rd3+ 46. Ke2 Rxd1 47.
Kxd1 b6 0-1

[Event "Hastings Premier 1973/74 49th"]
[Site "Hastings"]
[Date "1974.01.09"]
[Round "12"]
[White "Suttles, Duncan"]
[Black "Hartston, William Roland"]
[Result "1/2-1/2"]
[WhiteElo "2485"]
[BlackElo "2470"]
[PlyCount "48"]
[EventDate "1973.12.27"]
[EventType "tourn"]
[EventRounds "15"]
[EventCountry "ENG"]
[EventCategory "9"]
[SourceTitle "Britbase"]

1. e4 c5 2. Nc3 e6 3. Nge2 Nf6 4. g3 d5 5. exd5 exd5 6. d4 Bg4 7. Bg2 cxd4 8.
Qxd4 Nc6 9. Qa4 Bc5 10. Bg5 O-O 11. O-O d4 12. Bxf6 Qxf6 13. Ne4 Qe5 14. Nf4
Bb6 15. Rfe1 Qa5 16. Qb3 Rae8 17. h3 Bc8 18. Kh2 Bc7 19. Nd5 Be6 20. c4 dxc3
21. Nexc3 Bb6 22. Qc2 Bxd5 23. Rxe8 Rxe8 24. Nxd5 Nb4 1/2-1/2